<?xml version="1.0" encoding="UTF-8"?>
<resp>
  <nextPage>https://data.bn.org.pl/api/networks/bibs.marcxml?marc=001+b0000002608846&amp;sinceId=2608847</nextPage>
  <collection>
    <record xmlns='http://www.loc.gov/MARC21/slim'><leader>06298nas a2201441 i 4500</leader><controlfield tag='001'>b0000002608846</controlfield><controlfield tag='005'>20260111071011.1</controlfield><controlfield tag='008'>110324d20112016pl qr p      |0    0pol  </controlfield><controlfield tag='009'>9910062039605606</controlfield><datafield ind1=' ' ind2=' ' tag='015'><subfield code='a'>BWC 2011/328</subfield></datafield><datafield ind1=' ' ind2=' ' tag='015'><subfield code='a'>BRWŚ 2015</subfield></datafield><datafield ind1=' ' ind2=' ' tag='015'><subfield code='a'>BRWŚ 2013</subfield></datafield><datafield ind1=' ' ind2=' ' tag='015'><subfield code='a'>BRWŚ 2012</subfield></datafield><datafield ind1=' ' ind2=' ' tag='015'><subfield code='a'>BRWŚ 2011</subfield></datafield><datafield ind1=' ' ind2=' ' tag='022'><subfield code='a'>2083-0815</subfield></datafield><datafield ind1=' ' ind2=' ' tag='035'><subfield code='a'>(PL)b0000002608846</subfield></datafield><datafield ind1=' ' ind2=' ' tag='035'><subfield code='a'>wbpbbr318701</subfield></datafield><datafield ind1=' ' ind2=' ' tag='035'><subfield code='a'>wbpbbr324626</subfield></datafield><datafield ind1=' ' ind2=' ' tag='035'><subfield code='a'>wbpbbr327864</subfield></datafield><datafield ind1=' ' ind2=' ' tag='035'><subfield code='a'>991005381469705066</subfield></datafield><datafield ind1=' ' ind2=' ' tag='035'><subfield code='a'>(PL-WaBN)b26088460-48omnis_nlop</subfield></datafield><datafield ind1=' ' ind2=' ' tag='035'><subfield code='a'>b26088460</subfield></datafield><datafield ind1=' ' ind2=' ' tag='035'><subfield code='a'>wbpbbr340857</subfield></datafield><datafield ind1=' ' ind2=' ' tag='035'><subfield code='a'>wbpkbg176862</subfield></datafield><datafield ind1=' ' ind2=' ' tag='035'><subfield code='a'>(UJ)vtls000853483</subfield></datafield><datafield ind1=' ' ind2=' ' tag='035'><subfield code='a'>(OCoLC)802082754</subfield></datafield><datafield ind1=' ' ind2=' ' tag='040'><subfield code='a'>WA N</subfield><subfield code='c'>WA N</subfield><subfield code='d'>WA N</subfield></datafield><datafield ind1='0' ind2=' ' tag='041'><subfield code='a'>pol</subfield></datafield><datafield ind1=' ' ind2=' ' tag='044'><subfield code='a'>pl</subfield></datafield><datafield ind1=' ' ind2=' ' tag='046'><subfield code='k'>2011</subfield><subfield code='l'>2016</subfield></datafield><datafield ind1=' ' ind2=' ' tag='080'><subfield code='a'>0/9(05)</subfield></datafield><datafield ind1=' ' ind2=' ' tag='084'><subfield code='a'>03</subfield></datafield><datafield ind1='1' ind2=' ' tag='210'><subfield code='a'>Nad Kamienną</subfield><subfield code='b'>(Ostrowiec . Świętokrz., 2011)</subfield></datafield><datafield ind1=' ' ind2='0' tag='222'><subfield code='a'>Nad Kamienną</subfield><subfield code='b'>(Ostrowiec Świętokrzyski. 2011)</subfield></datafield><datafield ind1='0' ind2='0' tag='245'><subfield code='a'>Nad Kamienną :</subfield><subfield code='b'>kwartalnik społeczno-kulturalny /</subfield><subfield code='c'>[Elżbieta Baran red. nacz.].</subfield></datafield><datafield ind1=' ' ind2=' ' tag='260'><subfield code='a'>[Ostrowiec Świętokrzyski :</subfield><subfield code='b'>Miejskie Centrum Kultury],</subfield><subfield code='c'>2011-2016.</subfield></datafield><datafield ind1=' ' ind2=' ' tag='300'><subfield code='c'>24 cm.</subfield></datafield><datafield ind1=' ' ind2=' ' tag='310'><subfield code='a'>Kwartalnik</subfield></datafield><datafield ind1=' ' ind2=' ' tag='336'><subfield code='a'>Tekst</subfield><subfield code='b'>txt</subfield><subfield code='2'>rdacontent</subfield></datafield><datafield ind1=' ' ind2=' ' tag='337'><subfield code='a'>Bez urządzenia pośredniczącego</subfield><subfield code='b'>n</subfield><subfield code='2'>rdamedia</subfield></datafield><datafield ind1=' ' ind2=' ' tag='338'><subfield code='a'>Wolumin</subfield><subfield code='b'>nc</subfield><subfield code='2'>rdacarrier</subfield></datafield><datafield ind1='0' ind2=' ' tag='362'><subfield code='a'>2011, 1 (stycz./marz.)-2016, nr 1/2 (stycz./czerw.) =nr 1-nr 19/20.</subfield></datafield><datafield ind1=' ' ind2=' ' tag='380'><subfield code='a'>Czasopisma</subfield></datafield><datafield ind1='1' ind2=' ' tag='388'><subfield code='a'>2001-</subfield></datafield><datafield ind1=' ' ind2=' ' tag='500'><subfield code='a'>Od 2012, nr 4 [Stanisław Rogala red.nacz.].</subfield></datafield><datafield ind1=' ' ind2=' ' tag='500'><subfield code='a'>Od 2012, nr 4 wyd.: Wydaw. Gens.</subfield></datafield><datafield ind1=' ' ind2=' ' tag='500'><subfield code='a'>Tytuł według nagłówka.</subfield></datafield><datafield ind1=' ' ind2=' ' tag='500'><subfield code='a'>Od 2015, nr 1/2 podtyt.: pismo społeczno-kulturalne.</subfield></datafield><datafield ind1=' ' ind2='7' tag='651'><subfield code='a'>Ostrowiec Świętokrzyski (woj. świętokrzyskie ; okolice)</subfield><subfield code='2'>DBN</subfield></datafield><datafield ind1=' ' ind2='7' tag='655'><subfield code='a'>Czasopismo polskie</subfield><subfield code='2'>DBN</subfield></datafield><datafield ind1=' ' ind2='7' tag='655'><subfield code='a'>Czasopismo społeczno-kulturalne</subfield><subfield code='2'>DBN</subfield></datafield><datafield ind1=' ' ind2=' ' tag='658'><subfield code='a'>Kultura i sztuka</subfield></datafield><datafield ind1='1' ind2=' ' tag='700'><subfield code='a'>Baran, Elżbieta</subfield><subfield code='e'>Redakcja</subfield></datafield><datafield ind1='2' ind2=' ' tag='710'><subfield code='a'>Miejskie Centrum Kultury (Ostrowiec Świętokrzyski)</subfield></datafield><datafield ind1=' ' ind2=' ' tag='852'><subfield code='8'>2277502130005068</subfield><subfield code='j'>1</subfield><subfield code='h'>Reg II Nad Kam</subfield><subfield code='b'>WBP-KIELCE</subfield><subfield code='p'>(PL)b0000030105272-3</subfield><subfield code='c'>CZYTREG</subfield></datafield><datafield ind1=' ' ind2=' ' tag='852'><subfield code='b'>48OMNIS_NETWORK</subfield><subfield code='8'>9910062039605606</subfield></datafield><datafield ind1=' ' ind2=' ' tag='852'><subfield code='8'>221061185450008831</subfield><subfield code='j'>1</subfield><subfield code='h'>049443</subfield><subfield code='b'>5100-BUW</subfield><subfield code='p'>VIRT026964</subfield><subfield code='c'>10000</subfield></datafield><datafield ind1=' ' ind2=' ' tag='852'><subfield code='b'>48OMNIS_NLOP</subfield><subfield code='8'>991005381469705066</subfield></datafield><datafield ind1=' ' ind2=' ' tag='852'><subfield code='b'>48OMNIS_UJA</subfield><subfield code='8'>991013370689705067</subfield></datafield><datafield ind1=' ' ind2=' ' tag='852'><subfield code='8'>2277502130005068</subfield><subfield code='j'>1</subfield><subfield code='h'>Reg II Nad Kam</subfield><subfield code='b'>WBP-KIELCE</subfield><subfield code='p'>WBP-68</subfield><subfield code='c'>CZYTREG</subfield></datafield><datafield ind1=' ' ind2=' ' tag='852'><subfield code='8'>22867823580008206</subfield><subfield code='j'>1</subfield><subfield code='b'>UOP</subfield><subfield code='p'>P-000052353</subfield><subfield code='c'>Silesia</subfield></datafield><datafield ind1=' ' ind2=' ' tag='852'><subfield code='8'>2277502130005068</subfield><subfield code='j'>1</subfield><subfield code='h'>Reg II Nad Kam</subfield><subfield code='b'>WBP-KIELCE</subfield><subfield code='p'>(PL)b0000030105272-6</subfield><subfield code='c'>CZYTREG</subfield></datafield><datafield ind1=' ' ind2=' ' tag='852'><subfield code='8'>22511033130005066</subfield><subfield code='j'>1</subfield><subfield code='h'>P.266348 A</subfield><subfield code='b'>BN_PL</subfield><subfield code='p'>30001032901397</subfield><subfield code='c'>bca</subfield></datafield><datafield ind1=' ' ind2=' ' tag='852'><subfield code='8'>22867823580008206</subfield><subfield code='j'>1</subfield><subfield code='b'>UOP</subfield><subfield code='p'>P-000048633</subfield><subfield code='c'>Silesia</subfield></datafield><datafield ind1=' ' ind2=' ' tag='852'><subfield code='8'>22867823580008206</subfield><subfield code='j'>1</subfield><subfield code='b'>UOP</subfield><subfield code='p'>P-000048710</subfield><subfield code='c'>Silesia</subfield></datafield><datafield ind1=' ' ind2=' ' tag='852'><subfield code='8'>2277502130005068</subfield><subfield code='j'>1</subfield><subfield code='h'>Reg II Nad Kam</subfield><subfield code='b'>WBP-KIELCE</subfield><subfield code='p'>(PL)b0000030105272-2</subfield><subfield code='c'>CZYTREG</subfield></datafield><datafield ind1=' ' ind2=' ' tag='852'><subfield code='8'>22511033130005066</subfield><subfield code='j'>1</subfield><subfield code='h'>P.266348 A</subfield><subfield code='b'>BN_PL</subfield><subfield code='p'>30001032901410</subfield><subfield code='c'>bca</subfield></datafield><datafield ind1=' ' ind2=' ' tag='852'><subfield code='8'>22502000720005067</subfield><subfield code='j'>1</subfield><subfield code='h'>436839 II</subfield><subfield code='b'>BJ</subfield><subfield code='p'>1002391877</subfield><subfield code='c'>BJ_MAG</subfield></datafield><datafield ind1=' ' ind2=' ' tag='852'><subfield code='8'>22502000720005067</subfield><subfield code='j'>1</subfield><subfield code='h'>436839 II</subfield><subfield code='b'>BJ</subfield><subfield code='p'>1002401049</subfield><subfield code='c'>BJ_MAG</subfield></datafield><datafield ind1=' ' ind2=' ' tag='852'><subfield code='b'>48OMNIS_UMCS</subfield><subfield code='8'>991005804359707661</subfield></datafield><datafield ind1=' ' ind2=' ' tag='852'><subfield code='8'>22502000660005067</subfield><subfield code='j'>1</subfield><subfield code='h'>A 416538 II</subfield><subfield code='b'>BJ</subfield><subfield code='p'>1001986143</subfield><subfield code='c'>BJ_EGZ_A</subfield></datafield><datafield ind1=' ' ind2=' ' tag='852'><subfield code='b'>48OMNIS_KUL</subfield><subfield code='8'>991006879289706831</subfield></datafield><datafield ind1=' ' ind2=' ' tag='852'><subfield code='8'>22502000720005067</subfield><subfield code='j'>1</subfield><subfield code='h'>436839 II</subfield><subfield code='b'>BJ</subfield><subfield code='p'>1002421742</subfield><subfield code='c'>BJ_MAG</subfield></datafield><datafield ind1=' ' ind2=' ' tag='852'><subfield code='b'>48OMNIS_UKSW</subfield><subfield code='8'>991000933049707669</subfield></datafield><datafield ind1=' ' ind2=' ' tag='852'><subfield code='b'>48OMNIS_UOP</subfield><subfield code='8'>990006598870108206</subfield></datafield><datafield ind1=' ' ind2=' ' tag='852'><subfield code='b'>48OMNIS_UOW</subfield><subfield code='8'>991006677749708831</subfield></datafield><datafield ind1=' ' ind2=' ' tag='852'><subfield code='8'>22511033130005066</subfield><subfield code='j'>1</subfield><subfield code='h'>P.266348 A</subfield><subfield code='b'>BN_PL</subfield><subfield code='p'>30001032901380</subfield><subfield code='c'>bca</subfield><subfield code='z'>Brak: nr 2-3</subfield></datafield><datafield ind1=' ' ind2=' ' tag='852'><subfield code='8'>2277502130005068</subfield><subfield code='j'>1</subfield><subfield code='h'>Reg II Nad Kam</subfield><subfield code='b'>WBP-KIELCE</subfield><subfield code='p'>(PL)b0000030105272-4</subfield><subfield code='c'>CZYTREG</subfield></datafield><datafield ind1=' ' ind2=' ' tag='852'><subfield code='8'>22511033120005066</subfield><subfield code='j'>1</subfield><subfield code='h'>P.209568 IIegz</subfield><subfield code='b'>BN_PL</subfield><subfield code='p'>888a0849379</subfield><subfield code='c'>bc</subfield></datafield><datafield ind1=' ' ind2=' ' tag='852'><subfield code='8'>2277502130005068</subfield><subfield code='j'>1</subfield><subfield code='h'>Reg II Nad Kam</subfield><subfield code='b'>WBP-KIELCE</subfield><subfield code='p'>(PL)b0000030105272-5</subfield><subfield code='c'>CZYTREG</subfield></datafield><datafield ind1=' ' ind2=' ' tag='852'><subfield code='8'>22511033130005066</subfield><subfield code='j'>1</subfield><subfield code='h'>P.266348 A</subfield><subfield code='b'>BN_PL</subfield><subfield code='p'>30001032901434</subfield><subfield code='c'>bca</subfield></datafield><datafield ind1=' ' ind2=' ' tag='852'><subfield code='8'>22511033120005066</subfield><subfield code='j'>1</subfield><subfield code='h'>P.209568 IIegz</subfield><subfield code='b'>BN_PL</subfield><subfield code='p'>888a0849245</subfield><subfield code='c'>bc</subfield><subfield code='z'>Brak: nr 2-3</subfield></datafield><datafield ind1=' ' ind2=' ' tag='852'><subfield code='8'>2277502130005068</subfield><subfield code='j'>1</subfield><subfield code='h'>Reg II Nad Kam</subfield><subfield code='b'>WBP-KIELCE</subfield><subfield code='p'>(PL)b0000030105272-1</subfield><subfield code='c'>CZYTREG</subfield></datafield><datafield ind1=' ' ind2=' ' tag='852'><subfield code='8'>22511033120005066</subfield><subfield code='j'>1</subfield><subfield code='h'>P.209568 IIegz</subfield><subfield code='b'>BN_PL</subfield><subfield code='p'>888a0849350</subfield><subfield code='c'>bc</subfield></datafield><datafield ind1=' ' ind2=' ' tag='852'><subfield code='8'>22511033120005066</subfield><subfield code='j'>1</subfield><subfield code='h'>P.209568 IIegz</subfield><subfield code='b'>BN_PL</subfield><subfield code='p'>888a0849276</subfield><subfield code='c'>bc</subfield></datafield><datafield ind1=' ' ind2=' ' tag='852'><subfield code='8'>22511033120005066</subfield><subfield code='j'>1</subfield><subfield code='h'>P.209568 IIegz</subfield><subfield code='b'>BN_PL</subfield><subfield code='p'>888a0849221</subfield><subfield code='c'>bc</subfield></datafield><datafield ind1=' ' ind2=' ' tag='852'><subfield code='8'>22511033130005066</subfield><subfield code='j'>1</subfield><subfield code='h'>P.266348 A</subfield><subfield code='b'>BN_PL</subfield><subfield code='p'>30001032901427</subfield><subfield code='c'>bca</subfield></datafield><datafield ind1=' ' ind2=' ' tag='852'><subfield code='8'>22511033130005066</subfield><subfield code='j'>1</subfield><subfield code='h'>P.266348 A</subfield><subfield code='b'>BN_PL</subfield><subfield code='p'>30001032901465</subfield><subfield code='c'>bca</subfield></datafield><datafield ind1=' ' ind2=' ' tag='852'><subfield code='8'>22511033120005066</subfield><subfield code='j'>1</subfield><subfield code='h'>P.209568 IIegz</subfield><subfield code='b'>BN_PL</subfield><subfield code='p'>888a0849319</subfield><subfield code='c'>bc</subfield></datafield><datafield ind1=' ' ind2=' ' tag='852'><subfield code='8'>22171539840006831</subfield><subfield code='j'>1</subfield><subfield code='h'>V-39171</subfield><subfield code='b'>BuKul</subfield><subfield code='p'>1000650492</subfield><subfield code='c'>BUKUL_TwCz</subfield></datafield><datafield ind1=' ' ind2=' ' tag='852'><subfield code='8'>22867823580008206</subfield><subfield code='j'>1</subfield><subfield code='b'>UOP</subfield><subfield code='p'>P-000043034</subfield><subfield code='c'>Silesia</subfield></datafield><datafield ind1=' ' ind2=' ' tag='852'><subfield code='8'>22502000660005067</subfield><subfield code='j'>1</subfield><subfield code='h'>A 416538 II</subfield><subfield code='b'>BJ</subfield><subfield code='p'>1002746554</subfield><subfield code='c'>BJ_EGZ_A</subfield></datafield><datafield ind1=' ' ind2=' ' tag='852'><subfield code='8'>22867823580008206</subfield><subfield code='j'>1</subfield><subfield code='b'>UOP</subfield><subfield code='p'>P-000043033</subfield><subfield code='c'>Silesia</subfield></datafield><datafield ind1=' ' ind2=' ' tag='852'><subfield code='8'>22502000660005067</subfield><subfield code='j'>1</subfield><subfield code='h'>A 416538 II</subfield><subfield code='b'>BJ</subfield><subfield code='p'>1002422412</subfield><subfield code='c'>BJ_EGZ_A</subfield></datafield><datafield ind1=' ' ind2=' ' tag='852'><subfield code='8'>22502000660005067</subfield><subfield code='j'>1</subfield><subfield code='h'>A 416538 II</subfield><subfield code='b'>BJ</subfield><subfield code='p'>1002422410</subfield><subfield code='c'>BJ_EGZ_A</subfield></datafield><datafield ind1=' ' ind2=' ' tag='852'><subfield code='8'>22502000720005067</subfield><subfield code='j'>1</subfield><subfield code='h'>436839 II</subfield><subfield code='b'>BJ</subfield><subfield code='p'>1001419638</subfield><subfield code='c'>BJ_MAG</subfield></datafield><datafield ind1=' ' ind2=' ' tag='852'><subfield code='b'>48OMNIS_RPL</subfield><subfield code='8'>991003568579705068</subfield></datafield><datafield ind1=' ' ind2=' ' tag='852'><subfield code='8'>22502000720005067</subfield><subfield code='j'>1</subfield><subfield code='h'>436839 II</subfield><subfield code='b'>BJ</subfield><subfield code='p'>1001899636</subfield><subfield code='c'>BJ_MAG</subfield></datafield><datafield ind1=' ' ind2=' ' tag='852'><subfield code='8'>22502000660005067</subfield><subfield code='j'>1</subfield><subfield code='h'>A 416538 II</subfield><subfield code='b'>BJ</subfield><subfield code='p'>1002395001</subfield><subfield code='c'>BJ_EGZ_A</subfield></datafield><datafield ind1=' ' ind2=' ' tag='852'><subfield code='8'>22502000660005067</subfield><subfield code='j'>1</subfield><subfield code='h'>A 416538 II</subfield><subfield code='b'>BJ</subfield><subfield code='p'>1001419831</subfield><subfield code='c'>BJ_EGZ_A</subfield></datafield><datafield ind1=' ' ind2=' ' tag='852'><subfield code='8'>22867823580008206</subfield><subfield code='j'>1</subfield><subfield code='b'>UOP</subfield><subfield code='p'>P-000045053</subfield><subfield code='c'>Silesia</subfield><subfield code='z'>br.2,3</subfield></datafield><datafield ind1=' ' ind2=' ' tag='852'><subfield code='8'>22123181100007669</subfield><subfield code='j'>1</subfield><subfield code='b'>WA_392</subfield><subfield code='p'>C.7337/2014</subfield><subfield code='c'>GEN</subfield></datafield><datafield ind1=' ' ind2=' ' tag='852'><subfield code='8'>22123181100007669</subfield><subfield code='j'>1</subfield><subfield code='b'>WA_392</subfield><subfield code='p'>C.7337/2013</subfield><subfield code='c'>GEN</subfield></datafield><datafield ind1=' ' ind2=' ' tag='852'><subfield code='8'>22123181100007669</subfield><subfield code='j'>1</subfield><subfield code='b'>WA_392</subfield><subfield code='p'>C.7337/2011</subfield><subfield code='c'>GEN</subfield></datafield><datafield ind1=' ' ind2=' ' tag='852'><subfield code='8'>22123181100007669</subfield><subfield code='j'>1</subfield><subfield code='b'>WA_392</subfield><subfield code='p'>C.7337/2012</subfield><subfield code='c'>GEN</subfield></datafield></record>
  </collection>
</resp>
